000 01896cam a22003134a 4500
001 13455804
005 20141004104849.0
008 040113s2005 njua b 001 0 eng
010 _a 2004000061
020 _a013111817X
040 _aDLC
_cDLC
_dDLC
042 _apcc
050 0 0 _aRJ 506.B44
_b.K38 2005
082 0 0 _a618.92/89/002437
100 1 _aKauffman, James M.
245 1 0 _aCharacteristics of emotional and behavioral disorders of children and youth /
_cJames M. Kauffman.
250 _a8th ed.
260 _aUpper Saddle River, N.J. :
_bPearson/Merrill Prentice Hall,
_cc2005.
300 _axx, 522 pages :
_billustrations ;
_c24 cm.
504 _aIncludes bibliographical references (p. 457-501) and indexes.
505 0 _aDefinition: the nature of the problem -- Prevalence: the extent of the problem -- The history of the problem: development of the field and current issues -- Conceptual models: approaches to the problem -- Screening and classification -- Evaluation for instruction -- Biological factors -- Family factors -- School factors -- Cultural factors -- Attention and activity disorders -- Conduct disorder: overt aggression -- Conduct disorder: covert antisocial behavior -- Problem behaviors of adolescence: delinquency, substance abuse, and early sexual activity -- Anxiety and related disorders -- Depression and suicidal behavior -- Schizophrenia and pervasive developmental disorders -- A personal statement.
521 _aSpecial Education
650 0 _aBehavior disorders in children.
650 0 _aEmotional problems of children.
856 4 1 _3Table of contents
_uhttp://www.loc.gov/catdir/toc/ecip0413/2004000061.html
906 _a7
_bcbc
_corignew
_d1
_eecip
_f20
_gy-gencatlg
942 _2lcc
_cBK
_kFOR
999 _c276013
_d276013